| 000 | 01043cam a2200277 a 4500 | ||
|---|---|---|---|
| 001 | 1186 | ||
| 005 | 20231204104421.0 | ||
| 020 | _a9780439174824 | ||
| 040 |
_aDLC _cDLC _dDLC _beng |
||
| 050 | 0 | 0 |
_aPZ7.S84895 _bIf 1999 |
| 082 | 0 | 0 |
_a813.54 _221 |
| 100 | 1 | _aStewart, Jennifer J. | |
| 245 | 1 | 0 |
_aIf that breathes fire, we're toast! / _cJennifer J. Stewart. |
| 250 | _aFirst Scholastic printing, November 2000 | ||
| 260 |
_aNew York : _bScholastic, _c1999 |
||
| 300 |
_a118 pages : _c20 cm _billustrations ; |
||
| 505 | _aR | ||
| 520 | _aWhen eleven-year-old Rick and his mother move from San Diego to Tucson he is not too happy about the change, but when they get a fire-breathing, time-traveling dragon to replace their broken furnace, his new life starts to get more interesting. | ||
| 521 |
_a680
_bLexile |
||
| 521 |
_aR
_bRaz-Plus |
||
| 650 | 1 |
_aDragons _xFiction. |
|
| 650 | 1 |
_aTime travel _xFiction. |
|
| 650 | 1 |
_aMoving, Household _xFiction. |
|
| 906 |
_a7 _bcbc _corignew _d1 _eocip _f19 _gy-gencatlg |
||
| 942 |
_2ddc _cBK _n0 |
||
| 999 |
_c1186 _d1186 |
||